00253nam a22000977a 4500008004100000082001500041100002300056245002500079260004200104300000900146230620b xxu||||| |||| 00| 0 eng d a309.1bBEV cBevan Edwyn Robert aThe Legacy of Israel alondonboxford university pressc1953 a551p